000 00763nam a22002537a 4500
001 32830
003 UA-OsUOA
005 20220527145910.0
007 ta
008 20050214b un ||||| |||| 00| 0 ukr d
040 _aUA-OsUOA
_brus
_cUA-OsUOA
_dUA-OsUOA
041 _arus
044 _aRU
080 _a821.161.3
090 _a821.161.3
_bК92
100 _aКупала Я.
245 _aСтихотворения и поэмы. Павлинка. Стихотворения и поэмы
_cвступ. статья П. Бровка
260 _aМосква
_bХудожественная литература
_c1969
300 _a690 с.
_bІлюстрації
650 7 _2UDC
700 1 _aКолас Я.
_eавт
942 _cBK
_2udc
955 _a0
999 _c319283
_d319283